WIT Studio anime series and films - Statistics

General Stats
  • This quiz has been taken 5 times
  • The average score is 11 of 53
Answer Stats
Year Type Name % Correct
2013 series Attack on Titan
100%
2020 MOVIE Attack on Titan ~Chronicle~
100%
2019 series Attack on Titan Season 3 Part 2
100%
2018 MOVIE Attack on Titan: The Roar of Awakening
100%
2014 MOVIE Attack on Titan Part I: Crimson Bow and Arrow
100%
2015 MOVIE Attack on Titan Part II: Wings of Freedom
100%
2017 series Attack on Titan Season 2
100%
2018 series Attack on Titan Season 3
100%
2022 series SPY x FAMILY
60%
2023 MOVIE SPY x FAMILY CODE: White
60%
2022 series SPY x FAMILY Cour 2
60%
2023 series SPY x FAMILY Season 2
60%
2019 series Vinland Saga
40%
2020 ONA Great Pretender
20%
2024 ONA Great Pretender: Razbliuto
20%
2018 series After the Rain
0%
2023 ONA Colors
0%
2020 series GaruGaku: Saint Girls Square Academy
0%
2013 MOVIE Hal
0%
2019 MOVIE Hello WeGo!
0%
2014 series Hozuki's Coolheadedness
0%
2020 series Iwakakeru -Sport Climbing Girls-
0%
2016 series Kabaneri of the Iron Fortress
0%
2017 MOVIE Kabaneri of the Iron Fortress: Life That Burns
0%
2016 MOVIE Kabaneri of the Iron Fortress: Light That Gathers
0%
2019 MOVIE Kabaneri of the Iron Fortress: The Battle of Unato
0%
2019 series Kedama no Gonjirou
0%
2023 series Kizuna no Allele
0%
2023 series Kizuna no Allele 2nd Season
0%
2017 MOVIE Laughing Under the Clouds: Gaiden Part 1
0%
2018 MOVIE Laughing Under the Clouds: Gaiden Part 2
0%
2018 MOVIE Laughing Under the Clouds: Gaiden Part 3
0%
2025 ONA Moonrise
0%
2024 series My Deer Friend Nokotan
0%
2025 ONA My Melody & Kuromi
0%
2022 series Onipan!
0%
2018 MOVIE Penguin Highway
0%
2022 ONA Pokémon: Hisuian Snow
0%
2023 ONA Pokémon: Paldean Winds
0%
2018 MOVIE Pokémon the Movie: The Power of Us
0%
2021 series Ranking of Kings
0%
2023 series Ranking of Kings: The Treasure Chest of Courage
0%
2015 series Seraph of the End: Battle in Nagoya
0%
2015 series Seraph of the End: Vampire Reign
0%
2024 series Suicide Squad ISEKAI
0%
2017 series The Ancient Magus' Bride
0%
2015 MOVIE The Empire of Corpses
0%
2024 ONA The Grimm Variations
0%
2021 ONA The Missing 8
0%
2015 series The Rolling Girls
0%
2022 ONA Vampire in the Garden
0%
2021 series Vivy -Fluorite Eye's Song-
0%
2025 series YAIBA: Samurai Legend
0%
No matching quizzes found
Score Distribution
Percent of People with Each Score
Percentile by Number Answered
Your Score History
You have not taken this quiz